| 000 | 00422nam a22001577a 4500 | ||
|---|---|---|---|
| 003 | OSt | ||
| 005 | 20140310182121.0 | ||
| 008 | 130827t xxu||||| |||| 00| 0 eng d | ||
| 020 | _a1410825787 | ||
| 050 |
_aPQ 907 _b.R897 2005 |
||
| 082 |
_aHS 920 _bR82 2005 |
||
| 245 |
_aThree twentieth-century dictators _cIndia Ruby. |
||
| 260 |
_aNew York : _bBenchmark Education Company, _cc2005. |
||
| 942 |
_2lcc _cHS |
||
| 999 |
_c9538 _d9538 |
||